[Event "Valencia-chT Honor"]
[Site "Valencia"]
[Date "2009.01.31"]
[Round "4.5"]
[White "Orti Camany, Vicente Jose"]
[Black "Martinez Sykora, Antonio"]
[Result "0-1"]
[WhiteElo "2159"]
[BlackElo "2159"]
[PlyCount "60"]
[EventDate "2009.01.10"]
[EventType "team"]
[EventRounds "5"]
[EventCountry "ESP"]
[SourceTitle "EXT 2010"]
[Source "ChessBase"]
[SourceDate "2010.11.25"]
[SourceVersion "1"]
[SourceVersionDate "2010.11.25"]
[SourceQuality "1"]
[WhiteTeam "Castellon"]
[BlackTeam "Ateneo Maritimo"]
[WhiteTeamCountry "ESP"]
[BlackTeamCountry "ESP"]

1. e4 c5 2. Nf3 Nc6 3. Bb5 e6 4. Bxc6 bxc6 5. c4 d6 6. Nc3 e5 7. d3 f5 8. exf5 Bxf5 9. Ne4 Be7 10. Ng3 Bg6 11. 0-0 h5 12. Re1 h4 13. Ne4 h3 14. g3 Bh5 15. Ned2 Nh6 16. Qa4 Qd7 17. Nxe5 dxe5 18. Rxe5 Ng4 19. Nf3 Nxe5 20. Nxe5 Qe6 21. Bd2 Qxe5 22. Qxc6+ Kf7 23. Re1 Qf5 24. Bf4 Rhe8 25. Re5 Qxd3 26. Qe6+ Kf8 27. Rf5+ Qxf5 28. Qxf5+ Bf6 29. Qxh3 Bf3 30. Be3 Rad8 0-1

[Event "ESP-ch Universities"]
[Site "Torrelavega"]
[Date "2002.04.23"]
[Round "5.6"]
[White "Martinez Sykora, Antonio"]
[Black "Suarez Pousa, Diego"]
[Result "0-1"]
[WhiteElo "2130"]
[BlackElo "2399"]
[PlyCount "70"]
[EventDate "2002.04.22"]
[EventType "swiss"]
[EventRounds "9"]
[EventCountry "ESP"]
[SourceTitle "CBM 088 Extra"]
[Source "ChessBase"]
[SourceDate "2002.07.01"]
[SourceVersion "2"]
[SourceVersionDate "2002.07.01"]
[SourceQuality "1"]

1. c4 Nf6 2. Nf3 e6 3. d4 Bb4+ 4. Bd2 Qe7 5. e3 Nc6 6. a3 Bxd2+ 7. Qxd2 a5 8. Bd3 d6 9. Nc3 e5 10. Nd5 Qd8 11. 0-0 0-0 12. Nxf6+ Qxf6 13. d5 Ne7 14. Qc2 Qh6 15. Nd2 f5 16. f4 Qf6 17. Qc3 g5 18. fxe5 dxe5 19. Bxf5 Bxf5 20. e4 Qb6+ 21. c5 Qb5 22. exf5 Nxd5 23. Qxe5 Qxc5+ 24. Kh1 Rae8 25. Qg3 Qe3 26. Nf3 h6 27. Qh3 Kg7 28. Qh5 Nf4 29. Qg4 Nd3 30. h4 Re4 31. Qh5 Nf4 32. Qg4 Ne2 33. f6+ Rxf6 34. Qd7+ Re7 35. Qh3 Qf4 0-1

[Event "ESP-ch U18"]
[Site "Oropesa del Mar"]
[Date "2001.07.01"]
[Round "1.8"]
[White "Martinez Sykora, Antonio"]
[Black "Alcazar Jimenez, Jesus Alberto"]
[Result "0-1"]
[WhiteElo "2002"]
[BlackElo "2221"]
[PlyCount "58"]
[EventDate "2001.07.01"]
[EventType "swiss"]
[EventRounds "8"]
[EventCountry "ESP"]
[SourceTitle "EXT 2002"]
[Source "ChessBase"]
[SourceDate "2001.11.25"]
[SourceVersion "1"]
[SourceVersionDate "2001.11.25"]
[SourceQuality "1"]

1. e4 c5 2. c3 e6 3. d4 d5 4. exd5 exd5 5. Bd3 Nf6 6. Bf4 Nc6 7. Ne2 Be7 8. h3 0-0 9. 0-0 Be6 10. Nd2 Qb6 11. Qb3 c4 12. Qxb6 axb6 13. Bc2 b5 14. a3 Nd7 15. Bg3 f6 16. Nf4 Bf7 17. Bf5 Nb6 18. Rfe1 g6 19. Bc2 Rfe8 20. Ne6 Bxa3 21. Nc7 Rxe1+ 22. Rxe1 Bxb2 23. Nxa8 Nxa8 24. Rb1 Bxc3 25. Rxb5 Bxd2 26. Rxb7 Nxd4 27. Rb1 Kg7 28. Bd6 Kh6 29. Ba4 c3 0-1